000 01641cam a22004574i 4500
003 PE-LiUPU
005 20250731173144.0
008 150623s r 000 0 d
020 _a8534508720
035 _a(Sirsi) i9788534508728
040 _aPE-LiUPU
_bspa
_cPE-LiUPU
_erda
049 _aPRUA
082 0 4 _a232.8
_bW55H
_221
100 1 _aWhidden, Woodrow W.,
_eautor.
245 1 0 _aEllen White e a humanidade de Cristo /
_cWoodrow W. Whidden.
264 1 _aTatuí, SP :
_bCasa Publicadora Brasileira,
_c2004.
300 _a205 páginas ;
_c20centímetros
336 _atext
_2rdacontent
337 _aunmediated
_2rdamedia
338 _avolume
_2rdacarrier
505 0 _aO mistério da humanidade de cristo ea pecaminosidade humana. Ocorrencias anteriores a 1888. Ocorrencias posteriores a 1888. Interpretacoes e implicacoes. Os documentos promários de Ellen White.
526 _aSEG42
526 _aSEG41
526 _aSEG40
526 _aSEG39
526 _aP94
526 _aP87
526 _aP86
526 _aP85
526 _aP77
526 _aP76
526 _aP35
600 1 _aJesucristo
_xHumanidad
650 0 4 _aSalvación
_xHistoria de doctrinas.
942 _2ddc
_cBOOK
949 _a232.8 W55H
_wDEWEY
_c1
_i53160
_lCCODEBUL1
_mBUL
_p4.00
_r0
_sY
_tBOOK
_u2015-6-24
_xTEOLOGIA
_PP35
_0COMPRA
_o.STAFF. Colección General
994 _aC0
_bPEPRU
596 _a1
999 _a232.8 W55H
_wDEWEY
_c34962
_i53160
_f2021-11-10
_g5
_lCCODEBUL1
_mBUL
_p4.00
_r0
_sY
_tBOOK
_u2015-6-24
_xTEOLOGIA
_PP35
_0COMPRA
_o.STAFF. Colección General
_d34962
980 _81
_gALBERTO SANCHEZ Responsable de Automatización